| 000 | 01073cam a2200301 a 4500 | ||
|---|---|---|---|
| 001 | 13511545 | ||
| 003 | ARRUPE | ||
| 005 | 20130916164413.0 | ||
| 008 | 031114s2003 ie b 010 0 eng | ||
| 010 | _a 2004396582 | ||
| 020 | _a1856074153 | ||
| 035 | _a(OCoLC)ocm53436111 | ||
| 040 |
_aIEKBA _cIEKBA _dDLC |
||
| 050 | 0 | 0 |
_aBR115.P7 _bB48 2003 |
| 245 | 0 | 0 |
_aBetween poetry and politics : _bessays in honour of Enda McDonagh / _cedited by Linda Hogan and Barbara FitzGerald. |
| 260 |
_aDublin : _bThe Columba Press, _c2003. |
||
| 300 |
_a236 p. ; _c22 cm. |
||
| 600 | 1 | 0 |
_aMcDonagh, Enda. _9153 |
| 650 | 0 |
_aChristianity and politics. _9154 |
|
| 650 | 0 |
_aTheology. _2Addresses _9155 |
|
| 700 | 1 |
_aHogan, Linda, _d1964- _9156 |
|
| 700 | 1 |
_aFitzGerald, Barbara. _9157 |
|
| 700 | 1 |
_aMcDonagh, Enda. _9158 |
|
| 856 | 4 | 1 |
_3Table of contents only _uhttp://www.loc.gov/catdir/toc/fy0702/2004396582.html |
| 906 |
_a7 _bcbc _ccopycat _d2 _encip _f20 _gy-gencatlg |
||
| 942 |
_2lcc _cMONOGRAPH |
||
| 999 |
_c117786 _d117786 |
||